00718cam a22002171 45000010008000000030006000080050017000140080041000310100017000720150015000890350019001040400027001230500019001500820022001691000030001912450112002212600046003333000043003795040032004226100046004547977946GBCCL20241126110357.0760228s1964 moub b 001 0 eng  a 63021161  aGB64-20337 a(OCoLC)2019524 aDLCcViWdWHidUkdDLC00aBX8061.M7bM4200a284.1322221bMOV1 aMeyer, Carl Stamm,d1907-10aMoving frontiers,breadings in the history of the Lutheran Church-Missouri Synod.cEdited by Carl S. Meyer. aSt. Louis,bConcordia Pub. House,c[1964] axii, 500 p.bmaps (part fold.)c25 cm. aBibliography: p. [443]-449.20aLutheran Church--Missouri SynodxHistory.